| 000 | 010450000a22002410004500 | ||
|---|---|---|---|
| 003 | LK-CoMWRAF | ||
| 005 | 20240315121909.0 | ||
| 008 | 230817t1995 ||||| |||| 00| 0 eng d | ||
| 020 | _a9555973083 | ||
| 040 |
_aLK-CoMWRAF _dLK-CoMWRAF _eLK-CoMWRAF |
||
| 041 | _atam | ||
| 082 |
_a303.66 _bBAL |
||
| 100 |
_aபாலசூரியா, ஏ. எஸ் _vBalasooriya, A.S. |
||
| 245 | _aபிள்ளைகளுக்குச் சமாதானத்தைக் கற்பித்தல் | ||
| 246 | _aPillaigalukkuch Samathanaththaik Karpiththal | ||
| 246 | _aTeaching peace to children (Model lessons for upper secondary classes) | ||
| 260 |
_aMaharagama: _bDepartment of education management development, National Institute of Education, _c1995 |
||
| 300 |
_a270 p. _bBibliography included |
||
| 650 | _aPEACE EDUCATION-Sri Lanka | ||
| 700 |
_aபெர்னாண்டோ, ஆர்தர் ஜோன்ஸ் _yFernando, Arthur Jones _etrans. |
||
| 700 |
_aதனராஜ், தை _yThanaraj, T. _eed. |
||
| 942 | _cBK | ||
| 999 |
_c1090 _d1090 |
||